Регионална библиотека "Любен Каравелов" - Русе

По следите на думите (Запис номер 324182)

MARC детайли
000 -Лидер
Контролно поле с фиксирана дължина 00996aam a2200277 a 4500
003 - Код на организацията, давaща контролен номер
Контролно поле BLK
005 - Дата и час на последна редакция
Контролно поле 20240104130009.0
008 - Елементи от данни с фиксирана дължина
fixed length control field 180918b bul||||| |||| 00| 0 bul d
020 ## - Международен стандартен номер на книга ISBN
Международен стандартен номер на книга ISBN 9786191681587
040 ## - Източник на каталожния запис
Идентификатор на билиотеката - собственик на записа BLK
041 ## - Код за език
Код за езика на текст/звукозапис или на отделно заглавие Български
Код за езика КДБФ Български
080 ## - УДК
Текстов определител УДК Българска литература
УДК код - определител по УДК 821.163.2
УДК - код + определител 821.163.2-31
УДК определител -31
100 ## - Редна дума - Автор
Автор Хаджиев, Йордан
Авторска отговорност първи автор
R(LIN) 1299
139 ## - Редно поле
Редна дума Хаджиев, Йордан
Авторски знак Хаджи - Х 15
245 ## - Сведения за заглавието
Заглавие По следите на думите
Подзаглавни данни Роман
Редно поле (дума) Йордан Хаджиев ; худож. Петър Дончев
260 ## - Област на издателските данни
Име на издателя, разпространителя и проч. Абагар
Година на издаване 2016
Място на издаване, разпространение и проч. София
300 ## - Физическа характеристика
Страници 384 с.
Размери/Мащаб 21 см
380 ## - Жанр
Жанр Худож. лит.
650 #0 - Допълнително описание по предмет – тема
Основно описание – тема или топоним Българска литература
9 (RLIN) 243597
700 ## - Други автори (авторска отговорност)
9 (RLIN) 329515
Лично име Борсуков, Петър Дончев
Автороска отговорност (Описва отношението между автора и произведението) худож.
852 ## - Местоположение
Форматна сигнатура Цб 291850
999 ## - СИСТЕМНИ КОНТРОЛНИ НОМЕРА
Koha biblionumber 324182
Koha biblioitemnumber 324182
942 ## - АРТИКУЛИ
Вид на библиотечния материал Книги
Източник на класификационната схема Universal Decimal Classification
Скрит в OPAC Не
Koha issues (borrowed), all copies 5
944 ## - СЪЗДАВАНЕ И РЕДАКЦИЯ на ЗАПИСА
Създаване/Редакция Редакция
Дата на регистрацията/редакция 2018-11-23
Служител, извършил регистрацията/редакцията 30575
Статус, дата на статуса Мартин Енчев
999 ## - СИСТЕМНИ КОНТРОЛНИ НОМЕРА
Koha biblioitemnumber 324182
999 ## - СИСТЕМНИ КОНТРОЛНИ НОМЕРА
Koha biblioitemnumber 324182
Наличности
Код за отписване Код за изгубен артикул Източник на класификационната схема Код за повреда Код за отдаване Артикулен № Име на библиотеката - собственик Име на библиотеката, в която се намира в момента Статус (Текущо местоположение) Дата на вписване в системата Местоположение - отдел Цена в лева Инвентарен номер Систематично азбучна сигнатура Баркод Цена в евро Служебен тип на артикула Коз за рестрикции
  Не е изгубен Universal Decimal Classification Не е повреден заемане за дома 680503 Регионална библиотека "Любен Каравелов" Русе Регионална библиотека "Любен Каравелов" Русе Основен фонд - ползва се само за читалня 2018-09-18 Хранилище 1.17 120000822941 290767 120000822941 0.60 Книги  
  Не е изгубен Universal Decimal Classification Не е повреден заемане за дома 680504 Регионална библиотека "Любен Каравелов" Русе Регионална библиотека "Любен Каравелов" Русе Заемна - подръчен фонд 2018-09-18 Заемна - подръчен фонд 1.17 120000822942 П 886.7-32/Х 15 120000822942 0.60 Книги  
  Не е изгубен Universal Decimal Classification Не е повреден ползва се в читалня 683143 Регионална библиотека "Любен Каравелов" Русе Регионална библиотека "Любен Каравелов" Русе Хранилище 2018-11-28 Хранилище 10.00   Цб 291850 120000825907 5.11 Книги без рестрикции
Vip Innovations Ltd, Rousse, Bulgaria 2025